| 000 | 00633nam a2200181 i 4500 | ||
|---|---|---|---|
| 001 | 121240 | ||
| 003 | ES-MaACL | ||
| 005 | 20230906191721.0 | ||
| 007 | t| | ||
| 008 | 070214s1965 sp bf |||| | spa d | ||
| 245 | 0 | 3 |
_aEl pontificado _b: una historia ilustrada desde San Pedro a Paulo VI / _ctextos recopilados por Christopher Hollis ; traducción de Ramón Hernández. |
| 260 |
_aBarcelona : _bPlaza & Janés, _c1965. |
||
| 300 |
_a304 p., 24 lám. ; _c32 cm + _e2 mapas. |
||
| 650 | 0 | 4 |
_aPapas- _xHistoria. _915819 |
| 700 | 1 |
_aHollis, Christopher. _964037 |
|
| 700 | 1 |
_aHernández, Ramón. _962858 |
|
| 852 |
_aES-MaACL _jC-29021 |
||
| 999 |
_c121240 _d121240 |
||